NIEKTORÉ ZO ŠPECIFÍK DELIKVENCIE U CHLAPCOV A DIEVČAT - INŠPIRÁCIA PRE PREVENTÍVNE PROGRAMY KRIMINALITY MLÁDEŽE

Bibliographic Details
Main Author: Šebestová, Petra (Author)
Format: Article
Language:Slovak

MARC

LEADER 00000nab a2200000uu 4500
001 vtls010902870
003 SK-MaSNL
005 20260303142339.0
008 230222|2011 xo |||||||||||||||||slo|
015 |a SNBRB 
035 |a (urnnbn)urn:nbn:sk:snk:ar-a07plm 
035 |a (uuid)bd63b32b-787b-4ae6-af66-d03913da936b 
035 |a urn:nbn:sk:snk-ab8u18 
040 |a SNKBUCL  |b slo  |c SNKBUCL  |e AACR2 
041 0 |a slo 
044 |a xo  |c SK 
100 1 |a Šebestová, Petra  |4 aut  |9 1104384 
245 1 0 |a NIEKTORÉ ZO ŠPECIFÍK DELIKVENCIE U CHLAPCOV A DIEVČAT - INŠPIRÁCIA PRE PREVENTÍVNE PROGRAMY KRIMINALITY MLÁDEŽE  |c Petra Šebestová 
773 0 |t Prevencia : informačný bulletin zameraný na prevenciu sociálno-patologických javov v rezorte školstva  |g Roč. 10, č. 4 (2011), s. 24-30 
954 |a odborná, vedecká literatúra pôvodná (slovenská)  |2 lita 
958 |a OND 
958 |a EUIPO 
958 |a article10 
999 |c 1982201  |d 1984131